Možnosti použitia metódy ABC v systéme nákladového controllingu

Možnosti a výhody použitia metódy ABC v systéme nákladového controllingu. Základná schéma metódy ABC. Definícia a meranie nákladov výroby rádiofarmaka FDG podľa druhu činnosti.

Salvato in:
Dettagli Bibliografici
Autore principale: Vereš, Ivan
Altri autori: Bondareva, Irina
Natura: Capitolo di libro
Lingua:slovacco
Soggetti:
Tags: Aggiungi Tag
Nessun Tag, puoi essere il primo ad aggiungerne!!

MARC

LEADER 00000naa$a2200000$$$4500
001 0112071
005 20231128110231.8
041 0 |a slo 
044 |a CZ 
245 1 0 |a Možnosti použitia metódy ABC v systéme nákladového controllingu  |c Ivan Vereš, Irina Bondareva 
520 |a Možnosti a výhody použitia metódy ABC v systéme nákladového controllingu. Základná schéma metódy ABC. Definícia a meranie nákladov výroby rádiofarmaka FDG podľa druhu činnosti. 
610 2 0 |a metóda ABC 
610 2 0 |a náklady 
610 2 0 |a kalkulácia nákladov 
610 2 0 |a kontroling 
610 2 0 |a kontroling operatívny 
100 1 |a Vereš, Ivan 
700 1 |a Bondareva, Irina